Renegaci
| Titel: | Renegaci : agenci Gestapo Kolaboranci Szmalcownicy w Gettach / Ireneusz Lisiak |
|---|---|
| Verfasser: | |
| Ausgabe: | Wydanie I |
| Veröffentlicht: | Warszawa, 2025 |
| Umfang: | Seiten : Illustrationen |
| Format: | Buch |
| Sprache: | Polnisch |
| ISBN: | 9788367607971 |
alg: 54208060 001A $03004:11-02-26 001B $03004:20-03-26 $t10:43:13.000 001D $03004:11-02-26 001U $0utf8 001X $00 002@ $0Aau 002C $aText $btxt $2rdacontent 002D $aohne Hilfsmittel zu benutzen $bn $2rdamedia 002E $aBand $bnc $2rdacarrier 003@ $0542080605 004A $A978-83-67607-97-1 007A $0BV050593122 $aBVB 010@ $apol 010E $erda 011@ $a2025 $n2025 021A $aRenegaci $dagenci Gestapo Kolaboranci Szmalcownicy w Gettach $hIreneusz Lisiak 028A $BVerfasser $#Lisiak, Ireneusz $4aut $71043787798 $8Lisiak, Ireneusz T.$Z1948- [Tp3] $9333227166 032@ $aWydanie I 033A $pWarszawa 034D $aSeiten 034M $aIllustrationen 037A $aLiteraturverzeichnis Seite 332-339 044K $RPolen-Litauen $RKongresspolen $RWestgalizien $RStaat Krakau $#Generalgouvernement Polen $#Polska $#Rzeczpospolita Polska $#Polska Rzeczpospolita Ludowa $#Poland $#Pologne $#République Polonaise $#Generalne Gubernatorstwo w Polsce $#Polish People's Republic $#Polska Rzeczpospolita Polen $#PRL $#RP $#Polen Generalgouvernement $#Polska Generalgouvernement $#Besetzte Polnische Gebiete $#Besetztes Gebiet in Polen $#Okupowane Polskie Obszary $#Obszary Okupowane w Polsce $#Volksrepublik Polen $#Polska Rosyjska $#Republic Polen $#Respublika Pol'ša $#Pol'skaja Narodnaja Respublika $#République de Pologne $#Polen Links der Weichsel $#Polska po Lewej Stronie Wisły $#Lenkija $#Polija $#Gubernija Carstva Pol'skago $#Republik Polen $74046496-9 $8Polen [Tg1] $9085129801 044K $RJudenviertel $RJuden $#Jewish ghettos $#Quartiers juifs $#Ghetto $#Ghetto $#Gettos $#Ghettos $#Judenghetto $#Judengetto $#Juden Ghetto $#Juden Getto $74157319-5 $8Getto [Ts1] $908567575X 044K $RPreußen $#Gestapo $#Deutsches Reich, Gestapo $#Geheime Staatspolizei $#Gestapo $#Berliner Politische Polizei $#Berlin, Politische Polizei $#Politische Polizei $#Deutsches Reich, Politische Polizei $#Deutsches Reich, Gestapa $#Geheimes Staatspolizeiamt $#Gestapa $72029665-4 $8Deutsches Reich$bGeheime Staatspolizei [Tb1] $9042822017 044K $RRassenverfolgung $RAntisemitismus $#Jews Persecutions $#Juifs Persécutions $#Judíos Persecuciones $#Judenverfolgung $#Juden Verfolgung $74028814-6 $8Judenverfolgung [Ts1] $9085075965 044K $#World War, 1939-1945 Collaborationists $#Collaborationists $#Guerre mondiale (1939-1945) Collaborateurs $#Collaborateurs (histoire) $#Guerra mundial, 1939-1945 Colaboracionistas $#Kollaboration $#Kollaboration $74031748-1 $8Kollaboration [Ts1] $9085084182 044K $RJudenverfolgung $RNationalsozialistisches Verbrechen $RVernichtungslager $#Holocaust, Jewish (1939-1945) $#Shoah $#Holocausto judío (1939-1945) $#Endlösung $#Holocaust $#Holokaust $#Judenfrage Endlösung $#Schoah $#Shoah $#Shoʾah $#Shoa $#Drittes Reich Judenvernichtung $#Šô'ā $#Juden Vernichtung $74073091-8 $8Judenvernichtung [Ts1] $9085205818 045F $a900.943809043 $eDDC23BSB 045F/01 $a900 045F/03 $f09043 045F/03 $f09044 045F/03 $g438 045G $a909.049240943809043 $eDDC23BSB 045G/01 $a909.04924 045G/03 $f09043 045G/03 $f09044 045G/03 $g438 045R $aGeschichte 1939-1945 045T $aOST $qDE-12 $2FID lok: 54208060 24 exp: 54208060 24 1 #EPN 201B/01 $020-03-26 $t10:41:04.000 201C/01 $011-02-26 201U/01 $0utf8 203@/01 $01335165886 208@/01 $a20-03-26 $bz 209A/01 $a26.01060 $du $f050 $h26 01060 $x00 209C/01 $a26.01060 K $h26 01060 K 209G/01 $a75176520 $x00 220C/01 $ahae 247C/01 $8358050-7Marburg, Bibliothek des Herder-Instituts Marburg $9102600961
| LEADER | 00000cam a2200000 c 4500 | ||
|---|---|---|---|
| 001 | 542080605 | ||
| 003 | DE-603 | ||
| 005 | 20260320104313.0 | ||
| 007 | tu | ||
| 008 | 260211s2025 xx |||| | u00||u|pol c | ||
| 020 | |a 9788367607971 | ||
| 035 | |a (DE-599)BVBBV050593122 | ||
| 040 | |a DE-603 |b ger |c DE-603 |d DE-603 |e rda | ||
| 041 | |a pol | ||
| 082 | 0 | 4 | |8 1\u |a 900.943809043 |q DE-101 |2 23/BSB |
| 083 | 0 | |8 2\u |a 909.049240943809043 |q DE-101 |2 23/BSB | |
| 084 | |a OST |q DE-12 |2 fid | ||
| 085 | |8 1\u |b 900 | ||
| 085 | |8 1\u |z 1 |s 09043 | ||
| 085 | |8 1\u |z 1 |s 09044 | ||
| 085 | |8 1\u |z 2 |s 438 | ||
| 085 | |8 2\u |b 909.04924 | ||
| 085 | |8 2\u |z 1 |s 09043 | ||
| 085 | |8 2\u |z 1 |s 09044 | ||
| 085 | |8 2\u |z 2 |s 438 | ||
| 100 | 1 | |a Lisiak, Ireneusz T. |d 1948- |e Verfasser |4 aut |0 (DE-603)333227166 |0 (DE-588)1043787798 |2 gnd | |
| 245 | 0 | 0 | |a Renegaci |b agenci Gestapo Kolaboranci Szmalcownicy w Gettach |c Ireneusz Lisiak |
| 250 | |a Wydanie I | ||
| 264 | 1 | |a Warszawa |c 2025 | |
| 300 | |a Seiten |b Illustrationen | ||
| 336 | |a Text |b txt |2 rdacontent | ||
| 337 | |a ohne Hilfsmittel zu benutzen |b n |2 rdamedia | ||
| 338 | |a Band |b nc |2 rdacarrier | ||
| 500 | |a Literaturverzeichnis Seite 332-339 | ||
| 610 | 1 | 7 | |a Deutsches Reich |b Geheime Staatspolizei |2 gnd |0 (DE-588)2029665-4 |0 (DE-603)042822017 |
| 648 | 7 | |a Geschichte 1939-1945 |2 gnd | |
| 650 | 7 | |a Getto |0 (DE-588)4157319-5 |0 (DE-603)08567575X |2 gnd | |
| 650 | 7 | |a Judenverfolgung |0 (DE-588)4028814-6 |0 (DE-603)085075965 |2 gnd | |
| 650 | 7 | |a Kollaboration |0 (DE-588)4031748-1 |0 (DE-603)085084182 |2 gnd | |
| 650 | 7 | |a Judenvernichtung |0 (DE-588)4073091-8 |0 (DE-603)085205818 |2 gnd | |
| 651 | 7 | |a Polen |0 (DE-588)4046496-9 |0 (DE-603)085129801 |2 gnd | |
| 924 | 0 | |9 Mb 50 |a (DE-603)1335165886 |b DE-Mb50 |c HES |d c |g 26.01060 | |


